Guess the Movie By Picture #3 - Statistics

General Stats
  • This quiz has been taken 75 times
  • The average score is 4 of 16
Answer Stats
Picture Answer % Correct
Big Hero 6
76%
Brave
76%
Matilda
70%
Bullet Train
46%
Eyes Wide Shut
37%
Inglorious Basterds
33%
One Battle After Another
21%
Oppenheimer
21%
21 Jump Street
13%
Unforgiven
11%
Lord of the Rings: Fellowship of the Ring
8%
Taken
8%
Anatomy of a Fall
6%
True Romance
5%
Carry-On
3%
Tommy Boy
3%
No matching quizzes found
Score Distribution
Percent of People with Each Score
Percentile by Number Answered
Your Score History
You have not taken this quiz